| 000 | 00552nam a2200193 a 4500 | ||
|---|---|---|---|
| 001 | 2166 | ||
| 005 | 20140414131921.0 | ||
| 008 | 010323s19uu xx 00 eng d | ||
| 020 | _a0-307-13452-0 | ||
| 050 |
_aER _bSn3 1992 |
||
| 100 | _aCosgrove, Stephen | ||
| 245 |
_aSnicker doodle : _ba treasure troll tale / _cStephen Cosgrove ; illustrated by Diana Rice Bonin. |
||
| 260 |
_aNew York : _bA Golden Book, _c1992. |
||
| 300 | _ap. : ill. ; cm. | ||
| 440 | _aTreasue Trolls | ||
| 650 |
_aTrolls _xStories. |
||
| 650 | _aTrolls | ||
| 999 |
_c111763 _d111763 |
||